[Event "LF-1/2: OS-Münster"]
[Site "?"]
[Date "2006.??.??"]
[Round "?"]
[White "Kamp, Christoph"]
[Black "Müller, Gerhard"]
[Result "1/2-1/2"]
[WhiteElo "2316"]
[BlackElo "2340"]
[PlyCount "64"]
[EventDate "2006.01.01"]

1. d4 Nf6 2. c4 g6 3. Nc3 d5 4. cxd5 Nxd5 5. e4 Nxc3 6. bxc3 Bg7 7. Nf3 c5 8.
Rb1 O-O 9. Be2 cxd4 10. cxd4 Qa5+ 11. Bd2 Qxa2 12. O-O Bg4 13. Bg5 h6 14. Be3
Nc6 15. d5 Bxf3 {Andere Züge an dieser Stelle sind 15.-Se5, -Sa5 und -Tfd8.}
16. gxf3 Nd4 (16... Rfd8 17. Rxb7 e6 18. Rc7 Na5 19. Rc2 Qb3 20. Rc5 Qa3 21.
Qd3 {1/2-1/2 Ruck,R-Zaja,I/Mitte 2002 (21)}) 17. Bd3 a5 {Um Gegenspiel
aufzubauen, muß der Trumpf des Schwarzen baldmöglich ins Spiel gebracht werden.
} 18. f4 (18. Rxb7 {geschah z.B. in Glaser - Voss:} e6 19. Bxd4 (19. d6 $1)
19... Bxd4 20. Bb1 Qc4 21. dxe6 Be5 22. Qd5 Bxh2+ 23. Kg2 Qxd5 24. exd5 Bd6 25.
Rc1 Rab8 26. Rd7 Rbd8 27. Ra7 Ra8 28. Rxa8 Rxa8 29. Rc6 Bb4 30. exf7+ Kxf7 31.
Bxg6+ {1/2-1/2 Glaser,H-Voss,M/ICCF Email 2001/ICCF tele 9/2002 (31)}) 18...
Rfd8 (18... b6 $5 19. Rxb6 Rfb8 20. Qb1 Qxb1 21. Rbxb1 a4 22. e5 Nb3 {
ist auch für Schwarz spielbar.}) (18... b5 19. Bxd4 (19. Kh1 Rfc8 (19... b4 $5)
20. f5 Qa4 21. Qd2 Nf3 22. Qe2 Ne5 23. fxg6 Nxd3 24. gxf7+ {
und 1-0 in Agrest,E-Bacrot,E/Leon 2001 (38)}) 19... Bxd4 20. Bxb5 $5) 19. f5 {
Diagramm # mit diesem Zug betritt die theoretisch interessante Partie Neuland.
Weiß spielt auf Königsangriff und will die Abseitsstellung der schwarzen Dame
ausnutzen. Die folgenden Züge mußten sehr genau berechnet werden.} (19. Rb6 {
hatte ich mir sehr genau angesehen und konnte (natürlich) keinen Fehler in der
Partie zwischen zwei starken FS-GM entdecken:} Rd7 20. Qg4 (20. h4 h5) 20... e6
21. dxe6 (21. Bxd4 Bxd4 22. dxe6 Bxb6 23. exd7 Qa4 24. Rb1 Bc5 25. Rxb7 Rd8 26.
Rc7 Qd4 27. f5 Bb6 28. Rb7) 21... Nxe6 22. Bb5 Rc7 23. f5 Nd4 24. Bd3 Rc3 25.
Bb1 Qe2 26. Qxe2 Nxe2+ 27. Kh1 Rc6 28. Rxb7 Nc3 29. fxg6 fxg6 30. Rc1 Rac8 31.
Bd3 a4 32. Ra7 Rd8 33. Be2 Bd4 34. Rxa4 Bxe3 35. fxe3 Rdc8 36. Ra6 Rxa6 37.
Bxa6 Rc5 38. Bd3 {1/2-1/2 Webb,S-Voss,M/ICCF Email 2001/ICCF tele 9/2002 (38)})
19... gxf5 {Auch die beiden Alternativen hatte ich analysiert und als
schlechter eingeschätzt:} (19... Rd6) (19... Nxf5) 20. Kh1 Rd6 {Jetzt muß der
Turm zur Verteidigung zur g-Linie, ein Nehmen auf e4 erschien mir zu riskant.}
(20... fxe4 21. Bxe4 Qc4 (21... Qe2 22. Rg1 Kf8 23. Rxg7 Qxd1+ 24. Rxd1 Kxg7
25. Bxd4+ Kf8) 22. Qh5 Ne2 23. Bf3 Nd4 24. Rbc1 (24. Bxh6 Nxf3 25. Bxg7 Qh4 26.
Qxf3 Kxg7 27. Rg1+ Kf8 28. Rxb7)) 21. Rg1 (21. Rxb7 fxe4 22. Bxe4 Qc4 {
erschien mir auch ungefährlich:} {a)} 23. Rg1 ({b)} 23. f3 Nf5 24. Bf4 e5 25.
Bd2 Ng3+ 26. hxg3 Qc8 27. Qb1 Qh3+ $11) ({c)} 23. Re1 Ne2 24. Qc2 Qxc2 25. Bxc2
Nc3 26. Bf4 e5 27. Bxe5 Bxe5 28. Rxe5 Rad8 $11) ({d)} 23. Qc1 Nc2 24. Rxe7 Nxe3
25. fxe3 Qxc1 26. Rxc1 a4 27. Rcc7 Rf6 $11) 23... Ne2 24. Qd3 Qxd3 25. Rxg7+
Kxg7 26. Bxd3 Rxd5 27. Bxe2 a4 28. Bf3 Rd6 29. Rxe7 Ra5 30. Rc7 a3 31. Rc1 a2
32. Ra1 Ra4 $11) 21... Rg6 22. Rxg6 (22. Qh5 Qa3 (22... Nc2 23. Qxf5 Nxe3 24.
fxe3 Rf6 25. Qg4 Rg6) 23. Rxg6 fxg6 24. Qxg6 Qxd3 25. Rg1 Qxe4+ 26. Rg2 Qb1+
$11 (26... Qe5 $5)) 22... fxg6 23. Rxb7 f4 24. Bxd4 {oder:} ({a)} 24. Bb1 Qe2
25. Qxe2 Nxe2 26. Bc5 Rc8 27. Bxe7 f3 28. Ba3 Be5 29. h4 Nc3 30. Bb2 Rc4 31.
Bc2 Nxe4 32. Bb3 Nxf2+ 33. Kg1 Rg4+ 34. Kxf2 Bxb2 35. d6+ Kh8 $11) ({b)} 24.
Bxf4 Qxf2 25. Bg3 Qe3 26. Rxe7 Rc8 27. Rc7 Rxc7 28. Bxc7 a4 $11) 24... Bxd4 25.
Bc2 Qa1 26. Qxa1 Bxa1 27. Rxe7 f3 28. h4 {Weiß braucht ein Luftloch für seinen
König, aber nach den vorausgegangenen Tauschmanövern ist nun der Weg für den
Ba5 frei. Oder:} (28. e5 $4 Rc8 $19) (28. d6 Bf6 29. Re6 (29. Bb3+ Kh8 30. Re6
a4 31. d7 Kg7 32. Re8 Ra7 33. e5 Bg5 34. Be6 Rb7 35. h4 Rb1+ 36. Kh2 Bf4+ 37.
Kh3 h5 38. Rg8+ Kh7 39. Rh8+ $11) 29... Kf7 30. Bb3 Rb8 31. Re7+ Kf8 32. Rf7+
Ke8 33. Rxf6 Rxb3 34. h3 a4 $11) 28... a4 29. e5 Ra5 30. e6 Rxd5 31. Bxa4 Bf6
32. Rf7 Bxh4 {
Schwarz gibt seinen Läufer, erobert aber beide weißen Bauern: Remis.} 1/2-1/2

[Event "LF-1/3  Bocholt 1926 - OS"]
[Site "?"]
[Date "2006.??.??"]
[Round "?"]
[White "Fuest, Martin"]
[Black "Repp, Henner"]
[Result "1/2-1/2"]
[WhiteElo "2322"]
[BlackElo "2279"]
[PlyCount "60"]
[EventDate "2001.??.??"]

1. d4 Nf6 2. c4 e6 3. Nc3 Bb4 4. e3 O-O 5. Bd3 d5 6. cxd5 exd5 7. Nge2 Re8 8.
Bd2 c5 9. a3 Bxc3 10. Bxc3 c4 11. Bc2 Nc6 12. Ng3 Bg4 {Mein erster
eigenständiger Zug jenseits der theoretischen Vorlagen. Für mich ist diese
Eröffnung Neuland, spielte ich bislang fast ausschließlich Varianten des
Damengambits. In dieser Stellung erschien es mir wichtig, meinen weißfeldrigen
Läufer gegen den Sg3 zu tauschen oder zum Königsflügel zu überführen. Deshalb
wählte ich sofort Lg4, bevor dieser Zug nicht mehr möglich ist.} 13. f3 (13.
Qd2 h5 14. h4 Qd6 $132) 13... Bh5 14. Nxh5 Nxh5 15. Kf2 {Diesen Aufbau hatte
ich erwartet. Natürlich war ich in dieser Stellung um Ausgleich bemüht, denn
die weißen Angriffsmöglichkeiten sollten nicht unterschätzt werden.} Qd6 16. g4
Nf6 17. Qg1 Qe7 18. Re1 b5 {Gewinnchancen rechnete ich mir in dieser Stellung
nur bei einem Fehler meines Gegners ein. Also war es mein Ziel, Gegenspiel am
Damenflügel zu erlangen und hierdurch eine Remisabwicklung zu sichern.} 19. g5
Nh5 20. e4 Qd6 (20... dxe4 {sieht ebenfalls spielbar aus, ich verwarf diesen
Zug aber ohne nennswerte Vertiefung. Eine Öffnung der Läuferdiagonalen muss
nach meiner Einschätzung das schwarze Leben unnötig erschweren.}) 21. exd5 b4 {
Diagramm # Das war die Einleitung meiner Remisidee, die ich bereits vor
einigen Zügen auf dem Brett hatte. Meine Einschätzung war, das Remis habe ich
sicher und wenn Weiß mehr will, kann er gerne überziehen.} (21... Qxd5 22. Qg4
g6 23. Rxe8+ Rxe8 24. Re1 Rd8 25. Be4 Qd6 26. Bxc6 Qxc6 27. Qe4 Qd6 28. Qe5 {
überließe Weiß eine lästige Druckstellung.}) 22. Qg4 (22. dxc6 bxc3 23. Qg4 (
23. bxc3 Qf4 24. Re2 (24. Be4 $6 f5 25. gxf6 Nxf6 $17) 24... Rxe2+ 25. Kxe2
Re8+ 26. Be4 Rxe4+ 27. fxe4 Qxe4+ $11) 23... Rxe1 24. Kxe1 Re8+ 25. Kf2 f5 (
25... cxb2 $6 {Damit würde Schwarz die Stellung überziehen.} 26. Qd7 Qxd7 (
26... Qe6 27. Qxe6 fxe6 28. Ke3 Rc8 (28... c3 29. Kd3) 29. Ba4 Rf8 30. Rb1 $40)
27. cxd7 Rd8 28. Re1 Kf8 29. Ba4 g6 30. Ke3 f6 31. Kd2 Kf7 32. Kc2 Rb8 33. Kb1
Ng7 {Schwarz kann noch einige Abwartezüge machen, muss der Umsetzung des
weißen Vorteils aber hilflos zusehen.} 34. d5 c3 35. Re4 $18) 26. Bxf5 (26.
Qxh5 Qxd4+) 26... Nf4 27. bxc3 Nd3+ $11) 22... bxc3 23. Rxe8+ (23. Qxh5 g6 24.
Qh4 Ne7 25. bxc3 Nxd5 26. Be4 Rab8 27. Bxd5 Rb2+ 28. Kf1 Rxe1+ 29. Qxe1 Qxd5
$15) 23... Rxe8 24. dxc6 f5 (24... cxb2 $6 25. Qd7 {Und wir befänden uns durch
Zugumstellung in der bereits beim 22. Zug betrachteten Variante.}) 25. Bxf5 (
25. Qxh5 Qxd4+ 26. Kg3 Qd6+ 27. Kh3 (27. Kf2 Qd2+ 28. Kg3 $11) 27... Qxc6 28.
bxc3 g6 29. Ba4 Qxa4 30. Qh4 $11) 25... Nf4 26. bxc3 Nd3+ (26... Re2+ {
stellt das Remis ebenfalls sicher.}) 27. Bxd3 cxd3 28. Qf5 (28. Kg2 d2 29. Rd1
(29. Qd7 $5 Re2+ 30. Kh3 Qf4 $15) 29... Re2+ 30. Kf1 Qxh2 31. Qc8+ Kf7 32. Qf5+
$11) 28... d2 29. Qd3 Qf4 30. c7 Qh4+ {Nachdem beide Seiten alle Fallstricke
beachtet haben, kommt  nun der zwangsläufige Friedensschluss durch Dauerschach.
} 1/2-1/2